000 00646nam a22002177a 4500
003 UA-OsUOA
001 68607
007 ta
008 20100506b un ||||| |||| 00| 0 ukr d
100 _aТкаченко Н.В.
090 _a330(477)
_bТ48
942 _cSA
040 _aUA-OsUOA
_bukr
_cUA-OsUOA
_dUA-OsUOA
245 _aФінансова стійкість страхових компаній в умовах глобалізації
300 _aС.82-92
955 _a0
041 _aukr
080 _a330(477)
773 0 _w68605
_tФінанси України
_dК.
_d2010
_g3
650 7 _a330 Економіка взагалі
_2UDC
999 _c354864
_d354864